000 00931cab a2200205 4500
001 L136503
008 070205n2007 000 0 eng u
035 _a(Sirsi) u136503
041 0 _aeng
100 1 _aCunningham, Daniel
245 0 0 _aFocus Bedfordshire
260 _c2007
490 0 0 _aEstates Gazette
_v(0704) 27 January 2007, 139-151(7)
520 _aCovers the uncertainty surrounding Luton's plans for a new shopping centre which will upgrade the current retail offer in the area. Looks at three schemes which are set to boost Bedford's profile by bringing much-needed retail and leisure facilities to the town. Covers investment and infrastructure development in the region and argues that it is creating enthusiasm in the industrial market and its future.
590 _aKA
651 4 _aBEDFORDSHIRE
690 _aPROPERTY-COMMERCIAL PROPERTY-COMMERCIAL PROPERTY MARKET
700 1 _aJack, Simon
942 _n0
999 _c78317
_d78317